Представление документа в формате RUSMARC

ПолеНазваниеЗначение
  Тип записи a
  Библиографический уровень a
001 Контрольный номер RU/CBS_UL/BASE/9bfacfc7258648b882e2e6888963ab17
005 Дата корректировки 20231120101545.5
100 Данные общей обработки __
a Данные общей обработки 20231120 ||| 0rusy0189 ca
101 Язык документа 0_
a Язык текста rus
102 Страна публикации __
a Страна публикации RU
200 Заглавие и сведения об ответственности 1_
a Заглавие Дюймовочка с размером XXL
e Сведения, относящиеся к заглавию [детское ожирение]
f Первые сведения об ответственности А. Ломакина
300 Общие примечания __
a Общие примечания 16+
461 Уровень набора _0
1 2000
a Предупреждение плюс
463 Уровень физической единицы _0
1 2000
a № 8
v С. 44-50
1 2101
d 2023
1 001RU/CBS_UL/BASE/ed4565e11fea4980bb34b4a95d7e4469
606 Тематические рубрики 0_
a Основная рубрика Ожирение - Дети
610 Ключевые слова 0_
a Ключевые слова ожирение детей
610 Ключевые слова 0_
a Ключевые слова детское ожирение
610 Ключевые слова 0_
a Ключевые слова лишний вес у детей
686 Индексы других классификаций __
a Классификационный индекс 51.28
700 Автор _1
a Фамилия Ломакина
b Имя (инициалы) А.
801 Источник записи _0
a Страна RU
b Организация МБУК ЦБС г. Ульяновска
c Дата составления 20231120
g Правила каталогизации RCR
801 Источник записи _1
a Страна RU
b Организация МБУК ЦБС г. Ульяновска
c Дата составления 20231120
g Правила каталогизации RCR
901 Тип документа __
t Тип документа b
w Контрольный № источника RU/CBS_UL/BASE/ed4565e11fea4980bb34b4a95d7e4469